Informe de practicas profesionales realizadas en la empresa DSC+ Ingenieros S.A.
El siguiente documento describe las actividades desarrolladas para dar cumplimiento a la forma de culminación de estudios denominados practicas profesionales las cuales constan de realizar actividades de índole profesional dentro del perfil de arquitectura durante un periodo de 8 meses siendo part...
| Main Author: | |
|---|---|
| Other Authors: | |
| Format: | Tesis Section = Libro |
| Language: | Undetermined Spanish |
| Published: |
Managua
UNI
2023
|
| Subjects: |
| LEADER | 01171nam a2200241Ia 4500 | ||
|---|---|---|---|
| 008 | 240830s9999 xx 000 0 und d | ||
| 040 | |a BIBLIOTECA-RUSB/ Mon 712.3 M491 | ||
| 041 | |a spa | ||
| 082 | |a Mon 712.3 M491 | ||
| 100 | 1 | |a Medina Rivera, Yara | |
| 245 | 1 | 0 | |a Informe de practicas profesionales realizadas en la empresa DSC+ Ingenieros S.A. |
| 260 | |a Managua |b UNI |c 2023 | ||
| 300 | |a 76 p.: il. | ||
| 500 | |a Contiene: anexos y CD | ||
| 502 | |a Tesis (Arquitecto) - UNI, 2023. | ||
| 520 | 3 | |a El siguiente documento describe las actividades desarrolladas para dar cumplimiento a la forma de culminación de estudios denominados practicas profesionales las cuales constan de realizar actividades de índole profesional dentro del perfil de arquitectura durante un periodo de 8 meses siendo parte de la empresa DSC+ Ingenieros S.A empresa dedicada a brindar servicios de diseño, supervisión y construcción. | |
| 650 | 7 | |a PRACTICAS PROFESIONALES | |
| 650 | 7 | |b FORMACION PROFESIONAL | |
| 650 | 7 | |c ARQUITECTURA-DISEÑOS Y PLANOS - DSC+ INGENIEROS S.A | |
| 700 | 1 | |a Tutor: |b Cruz Pérez, Francis Alejandra | |
| 942 | |c BK |2 ddc | ||
| 991 | |a TESIS | ||
| 999 | |c 27811 | ||